Z jakiego kraju jest dany polityk/przywódca? - Statystyki

Ogólne statystyki
  • Ten quiz został rozwiązany 28 razy
  • Średni wynik to 19 z 25
Statystyki odpowiedzi
Hint Odpowiedź % Poprawnych
Mao Zedong Chiny
100%
Charles De Gaulle Francja
100%
Aleksiej Nawalny Rosja
100%
Hirohito Japonia
96%
Angela Merkel Niemcy
96%
Woodrow Wilson Stany Zjednoczone
96%
Petro Poroszenko Ukraina
96%
Viktor Orban Węgry
96%
Mahatma Gandhi Indie
92%
Czyngis Chan Mongolia
88%
Nelson Mandela Republika Południowej Afryki
88%
Silvio Berlusconi Włochy
88%
Francisco Franco Hiszpania
85%
Kim Il Sung Korea Południowa
85%
Benjamin Netanjahu Izrael
81%
Recep Tayip Erdogan Turcja
77%
Sebastian Kurz Austria
69%
Józef Dżugaszwili ZSRR
69%
Justin Trudeau Kanada
65%
Javier Milei Argentyna
58%
Che Guevara Kuba
50%
Jair Bolsonaro Brazylia
42%
Geert Wilders Holandia
42%
Ali Chamenei Iran
42%
Kilion Munyama Polska
15%
Nie znaleziono quizów pasujących do podanych kryteriów
Rozkład punktacji
Procent ludzi z każdym wynikiem
Percentyl według liczby udzielonych odpowiedzi
Twoja historia wyników
Nie rozwiązałeś tego quizu